|
|
|
|
| LEADER |
00000nab a2200000 a 4500 |
| 001 |
vtls011117019 |
| 003 |
SK-MaSNL |
| 005 |
20260304030126.0 |
| 008 |
250310|2006 xo |||||||||||||||||slo| |
| 015 |
|
|
|a SNBRB
|
| 035 |
|
|
|a (uuid)167e874d-daed-47c9-917c-4e225043c3cf
|
| 035 |
|
|
|a (urnnbn)urn:nbn:sk:snk:ar-a08lbe
|
| 035 |
|
|
|a urn:nbn:sk:snk-ab9nh6
|
| 040 |
|
|
|a SNKBUCL
|b slo
|c SNKBUCL
|e AACR2
|
| 041 |
0 |
|
|a slo
|
| 044 |
|
|
|a xo
|c SK
|
| 100 |
1 |
|
|a Bílý, Matej
|4 aut
|9 274721
|
| 245 |
1 |
0 |
|a Aplikácie normy ISO 9001: 2000 na konkrétnu oblasť
|c Matej Bílý, Jarmila Šalgovičová
|
| 700 |
1 |
|
|a Šalgovičová, Jarmila,
|d 1950-
|4 aut
|9 208071
|
| 773 |
0 |
|
|t Kvalita : odborný časopis Slovenskej spoločnosti pre kvalitu
|g Roč. 14, č. 3 (2006), s. 41-43
|
| 958 |
|
|
|a OND
|
| 958 |
|
|
|a EUIPO
|
| 958 |
|
|
|a article13
|
| 999 |
|
|
|c 2631849
|d 2633779
|